| 000 | 01345nam a2200337Ia 4500 | ||
|---|---|---|---|
| 001 | ebr10079946 | ||
| 003 | CaPaEBR | ||
| 006 | m u | ||
| 007 | cr cn||||||||| | ||
| 008 | 050309s2005 dcu sb 000 0 eng d | ||
| 010 | _z 2005043404 | ||
| 020 | _z082136040X (pbk.) | ||
| 040 |
_aCaPaEBR _cCaPaEBR |
||
| 035 | _a(OCoLC)60563273 | ||
| 050 | 1 | 4 |
_aHD7105.3 _b.H65 2005eb |
| 082 | 0 | 4 |
_a331.25/2 _222 |
| 100 | 1 | _aHolzmann, Robert. | |
| 245 | 1 | 0 |
_aOld-age income support in the 21st century _h[electronic resource] : _ban international perspective on pension systems and reform / _cRobert Holzman, Richard Hinz. |
| 260 |
_aWashington, DC : _bWorld Bank, _c2005. |
||
| 300 | _aix, 232 p. | ||
| 504 | _aIncludes bibliographical references. | ||
| 533 |
_aElectronic reproduction. _bPalo Alto, Calif. : _cebrary, _d2009. _nAvailable via World Wide Web. _nAccess may be limited to ebrary affiliated libraries. |
||
| 650 | 0 |
_aOld age pensions _xGovernment policy. |
|
| 650 | 0 |
_aAging _xEconomic aspects _xGovernment policy. |
|
| 650 | 0 | _aIncome maintenance programs. | |
| 650 | 0 | _aSocial security. | |
| 655 | 7 |
_aElectronic books. _2local |
|
| 700 | 1 | _aHinz, Richard P. | |
| 710 | 2 | _aebrary, Inc. | |
| 856 | 4 | 0 |
_uhttp://site.ebrary.com/lib/rucke/Doc?id=10079946 _zAn electronic book accessible through the World Wide Web; click to view |
| 999 |
_c74192 _d74192 |
||